Centro de Documentacion CIDAP

A propósito de música y danza (Registro nro. 8482)

000 -Cabecera
Campo de control interno nas a22 7a 4500
005 - Fecha y hora de la
Campo de control 20250826103516.0
008 - Elementos de Longitud Fija - Informaci
Elementos de Longitud Fija - Informaci 2025 b1982 ec ||||| |||| 00| 0 spa d
040 ## - Origen de la Catalogaci
Origen de la Catalogaci CIDAP
041 ## - Idioma
Idioma spa
082 ## - DEWEY DECIMAL CLASSIFICATION NUMBER
Classification number 780
084 ## - Clasificación
Número de clasificación AP-864
100 ## - Autor Personal
Rol del autor Texto
Autor Personal Mena, Vicente
9 (RLIN) 12928
110 ## - Autor Corporativo
Autor Corporativo Revista Diners
9 (RLIN) 12929
245 ## - Titulo
Titulo A propósito de música y danza
260 ## - Editorial
Ciudad Cuenca,
Nombre de la Editorial Revista Diners. Junio 1982. N° 11
300 ## - Páginas
Extensión 42-46 pp.
310 ## - Periodicidad (Diario, Quincenal, Mensual, Semestral, Anual)
Periodicidad (Diario, Quincenal, Mensual, Semestral, Anual) Mensual
520 ## - Resumen
Resumen Reportaje sobre la música y danza de los pueblos aborígenes del Ecuador.
650 ## - Temas - Descriptores
Temas - Descriptores DANZA Y BAILE-ECUADOR
9 (RLIN) 12930
650 ## - Temas - Descriptores
Temas - Descriptores ECUADOR-MÚSICA
9 (RLIN) 1062
700 ## - Autor Personal
Autor Personal García, Marcela
Rol del autor Fotografía
9 (RLIN) 12931
856 ## - URL - Dirección web
URI/URL http://documentacion.cidap.gob.ec:8080/handle/cidap/2235
942 ## - Elementos de Koha
Esquema de Clasificacion
Tipo de Documento Archivo de Prensa
Catalogador NC
Existencias
Withdrawn status Lost status Fuente de Clasificaci Damaged status Not for loan Ubicaci Biblioteca Fecha de Adquisici Via de adquisicion Signatura Topografica Codigo de inventario Date last seen Price effective from Tipo de Item
          Centro de Documentación CIDAP Centro de Documentación CIDAP 2025-08-26 Donación 780 AP-864 2025-08-26 2025-08-26 Archivo de Prensa
Centro de Documentación - CIDAP
Hermano Miguel 3-23 y Paseo Tres de Noviembre (Escalinatas) Cuenca - Ecuador
Telf: (593-7) 284 0919 / 282 9451 / 285 0516 Correo: centro_documentacion@cidap.gob.ec
Soporte Técnico Bibliolatino.com Ver estadísticas

Con tecnología Koha